Refurbishment management practices in the shipping and construction industries - lessons to be learned (Record no. 15257)
[ view plain ]
| 000 -LEADER | |
|---|---|
| fixed length control field | 00960cab a2200253 4500 |
| 001 - CONTROL NUMBER | |
| control field | ABS56310 |
| 008 - FIXED-LENGTH DATA ELEMENTS--GENERAL INFORMATION | |
| fixed length control field | 090401t1996 xxu||||| |||| 00| 0 eng d |
| 035 ## - SYSTEM CONTROL NUMBER | |
| System control number | (Sirsi) u22759 |
| 041 ## - LANGUAGE CODE | |
| Language code of text/sound track or separate title | eng |
| 100 ## - MAIN ENTRY--PERSONAL NAME | |
| Personal name | Egbu, C. |
| 245 ## - TITLE STATEMENT | |
| Title | Refurbishment management practices in the shipping and construction industries - lessons to be learned |
| 260 ## - PUBLICATION, DISTRIBUTION, ETC. | |
| Date of publication, distribution, etc. | 1996 |
| 350 ## - PRICE (NR) (BK AM CF MU VM SE) [OBSOLETE] | |
| Price | 0 |
| 490 ## - SERIES STATEMENT | |
| Series statement | Building Research and Information |
| Volume/sequential designation | 24(6) November/December 1996, 329-338(9) |
| 520 ## - SUMMARY, ETC. | |
| Summary, etc. | Compares refurbishment management practices in the shipping and construction industries. Also discusses the need for more courses for these specialised areas of management and for processes to manage risks and uncertainty. |
| 650 ## - SUBJECT ADDED ENTRY--TOPICAL TERM | |
| Topical term or geographic name entry element | CONSTRUCTION INDUSTRY |
| 650 ## - SUBJECT ADDED ENTRY--TOPICAL TERM | |
| Topical term or geographic name entry element | REFURBISHMENT MANAGEMENT |
| 650 ## - SUBJECT ADDED ENTRY--TOPICAL TERM | |
| Topical term or geographic name entry element | RISK MANAGEMENT |
| 690 ## - LOCAL SUBJECT ADDED ENTRY--TOPICAL TERM (OCLC, RLIN) | |
| Topical term or geographic name as entry element | BUILDING AND CONSTRUCTION-REHABILITATION |
| 700 ## - ADDED ENTRY--PERSONAL NAME | |
| Personal name | Young, B |
| 700 ## - ADDED ENTRY--PERSONAL NAME | |
| Personal name | Torrance, V |
| 942 ## - ADDED ENTRY ELEMENTS (KOHA) | |
| Suppress in OPAC | 0 |
| 948 ## - LOCAL PROCESSING INFORMATION (OCLC); SERIES PART DESIGNATOR (RLIN) | |
| c (OCLC) | 04/03/1997 |
| Withdrawn status | Lost status | Source of classification or shelving scheme | Damaged status | Not for loan | Home library | Current library | Shelving location | Date acquired | Total Checkouts | Full call number | Barcode | Date last seen | Copy number | Price effective from | Koha item type |
|---|---|---|---|---|---|---|---|---|---|---|---|---|---|---|---|
| Dewey Decimal Classification | London | London | Journal article | 14/09/1999 | ABS56310 | 22759-1001 | 06/08/2019 | 1 | 06/08/2019 | Journal article |